| 000 | 00802nam a22002415i 4500 | ||
|---|---|---|---|
| 001 | 177637 | ||
| 003 | ES-MaACL | ||
| 005 | 20230906220358.0 | ||
| 008 | 110407s1963 sp |||| | spa d | ||
| 080 | _a669.14-15 | ||
| 080 | _a669.721 | ||
| 100 | 1 |
_aSistiaga, José María. _9146064 |
|
| 245 | 1 | 0 |
_aAleaciones de aluminio y de magnesio / _cpor José María Sistiaga. |
| 260 |
_aMadrid : _bMontecorvo, _c1963. |
||
| 300 |
_a217 p. ; _c24 cm. |
||
| 490 | 1 |
_aMonografías. Colección de estudios técnicos ; _v3 |
|
| 504 | _aBibliografía: p. 209-213. | ||
| 650 | 0 | 4 |
_aAluminio- _xAleaciones. _9146065 |
| 650 | 4 |
_aMagnesio- _xAleaciones. _9146066 |
|
| 830 | 0 |
_aMonografías. Colección de estudios técnicos ; _v3 _9190526 |
|
| 852 |
_aES-MaACL _jE-14838 _xOlim P-860-bis |
||
| 999 |
_c177637 _d177637 |
||